[Event "Braila GP RO Stage 5"]
[Site "Braila"]
[Date "2022.11.06"]
[Round "9"]
[White "Miroiu, George Catalin"]
[Black "Galatanu, Iulian Marinica"]
[Result "1-0"]
[WhiteElo "2341"]
[BlackElo "1924"]
[PlyCount "53"]
[EventDate "2022.11.05"]
[EventType "swiss (rapid)"]
[EventRounds "10"]
[EventCountry "ROU"]
[SourceTitle "EXT 2024"]
[Source "ChessBase"]
[SourceDate "2023.10.10"]
[SourceVersion "1"]
[SourceVersionDate "2023.10.10"]
[SourceQuality "1"]

1. d4 Nf6 2. c4 g6 3. f3 Bg7 4. e4 d6 5. Nc3 0-0 6. Be3 Nbd7 7. Qd2 c5 8. Nge2 cxd4 9. Nxd4 Ne5 10. Rc1 Bd7 11. Be2 Rc8 12. b3 a6 13. 0-0 Nc6 14. Rfd1 Nxd4 15. Bxd4 Bc6 16. b4 Bd7 17. Be3 Be6 18. Nd5 Bxd5 19. exd5 Nd7 20. c5 dxc5 21. bxc5 Ne5 22. f4 Nd7 23. c6 bxc6 24. dxc6 Nf6 25. Qxd8 Rfxd8 26. Rxd8+ Rxd8 27. c7 1-0

[Event "Braila GP RO Stage 5"]
[Site "Braila"]
[Date "2022.11.06"]
[Round "5"]
[White "Miroiu, George Catalin"]
[Black "Hamitevici, Vladimir"]
[Result "1/2-1/2"]
[WhiteElo "2341"]
[BlackElo "2502"]
[PlyCount "76"]
[EventDate "2022.11.05"]
[EventType "swiss (rapid)"]
[EventRounds "10"]
[EventCountry "ROU"]
[SourceTitle "EXT 2024"]
[Source "ChessBase"]
[SourceDate "2023.10.10"]
[SourceVersion "1"]
[SourceVersionDate "2023.10.10"]
[SourceQuality "1"]

1. Nf3 g6 2. c4 Bg7 3. d4 d6 4. Nc3 Nc6 5. d5 Ne5 6. Nxe5 Bxe5 7. Qb3 c6 8. g3 Nf6 9. Bg2 cxd5 10. Nxd5 Nxd5 11. Bxd5 0-0 12. 0-0 Rb8 13. Rd1 Qc7 14. Bh6 Rd8 15. c5 e6 16. cxd6 Rxd6 17. Bf3 Bd7 18. Rxd6 Qxd6 19. Rd1 Qc7 20. Qd3 Be8 21. b3 Qa5 22. Rd2 Bf6 23. Qe3 a6 24. Kg2 Rd8 25. Rxd8 Bxd8 26. Qd4 f6 27. Bxb7 Be7 28. a4 g5 29. h4 gxh4 30. gxh4 Bg6 31. Bf3 Kf7 32. Be3 Bc2 33. Be4 Bxb3 34. Bxh7 Qxa4 35. Qxa4 Bxa4 36. Bd3 Bc6+ 37. f3 f5 38. Bxa6 Bxh4 1/2-1/2

[Event "Braila GP RO Stage 5"]
[Site "Braila"]
[Date "2022.11.05"]
[Round "2"]
[White "Mastrovasilis, Dimitrios"]
[Black "Miroiu, George Catalin"]
[Result "1-0"]
[WhiteElo "2603"]
[BlackElo "2341"]
[PlyCount "56"]
[EventDate "2022.11.05"]
[EventType "swiss (rapid)"]
[EventRounds "10"]
[EventCountry "ROU"]
[SourceTitle "EXT 2024"]
[Source "ChessBase"]
[SourceDate "2023.10.10"]
[SourceVersion "1"]
[SourceVersionDate "2023.10.10"]
[SourceQuality "1"]

1. e4 c6 2. d4 d5 3. Nd2 g6 4. Ngf3 Bg7 5. Bd3 Bg4 6. c3 Bxf3 7. Nxf3 dxe4 8. Bxe4 Nf6 9. Bc2 0-0 10. 0-0 Nbd7 11. Re1 e6 12. Qe2 Qc7 13. Bg5 c5 14. Rad1 Rac8 15. h4 Rfe8 16. g3 cxd4 17. Nxd4 a6 18. Qf3 Qb6 19. Nb3 Nd5 20. Be4 Ne5 21. Qg2 Nc4 22. Bc1 Qb5 23. h5 Qa4 24. Bxd5 exd5 25. Rxe8+ Qxe8 26. Qxd5 Qe2 27. h6 Bf6 28. Nc5 b5 1-0

[Event "Braila GP RO Stage 5"]
[Site "Braila"]
[Date "2022.11.05"]
[Round "3"]
[White "Miroiu, George Catalin"]
[Black "Grigore, Gigi"]
[Result "1-0"]
[WhiteElo "2341"]
[BlackElo "1992"]
[PlyCount "81"]
[EventDate "2022.11.05"]
[EventType "swiss (rapid)"]
[EventRounds "10"]
[EventCountry "ROU"]
[SourceTitle "EXT 2024"]
[Source "ChessBase"]
[SourceDate "2023.10.10"]
[SourceVersion "1"]
[SourceVersionDate "2023.10.10"]
[SourceQuality "1"]

1. d4 Nf6 2. c4 c5 3. d5 b5 4. cxb5 a6 5. bxa6 Bxa6 6. Nc3 d6 7. Nf3 g6 8. g3 Bg7 9. Bg2 0-0 10. 0-0 Nbd7 11. Qc2 Nb6 12. Rd1 Qc7 13. Bf4 Rfb8 14. b3 Nbd7 15. Rab1 Qa5 16. Bd2 c4 17. Nd4 cxb3 18. axb3 Qc7 19. Nc6 Re8 20. b4 Nb6 21. b5 Bc8 22. Ra1 Bf5 23. e4 Bg4 24. f3 Rxa1 25. Rxa1 Bd7 26. Ra7 Qc8 27. Na4 Nxa4 28. Qxa4 Bf8 29. b6 Bxc6 30. dxc6 d5 31. e5 Qf5 32. exf6 Qb1+ 33. Bf1 Qxb6+ 34. Kg2 exf6 35. c7 Rc8 36. Qa6 Qb2 37. Qxc8 Qxd2+ 38. Kh1 Qf2 39. Qh3 Qxf3+ 40. Qg2 Qf5 41. Ra8 1-0

[Event "Bucharest Super Rapid op"]
[Site "Bucharest"]
[Date "2022.05.01"]
[Round "9"]
[White "Miroiu, George Catalin"]
[Black "Nikanova, Ekaterina"]
[Result "1-0"]
[WhiteElo "2341"]
[BlackElo "1981"]
[PlyCount "55"]
[EventDate "2022.04.30"]
[EventType "swiss (rapid)"]
[EventRounds "10"]
[EventCountry "ROU"]
[SourceTitle "CBM 208 Extra"]
[Source "ChessBase"]
[SourceDate "2022.07.31"]
[SourceVersion "1"]
[SourceVersionDate "2022.07.31"]
[SourceQuality "1"]

1. d4 d5 2. Nf3 c6 3. g3 Nf6 4. Bg2 Bg4 5. 0-0 e6 6. Nbd2 Bd6 7. Re1 Nbd7 8. c3 0-0 9. e4 dxe4 10. Nxe4 Nxe4 11. Rxe4 Bf5 12. Re1 h6 13. Nd2 Nf6 14. Nc4 Bc7 15. Qb3 Rb8 16. a4 Ng4 17. a5 h5 18. h3 Nxf2 19. Kxf2 h4 20. g4 Bg3+ 21. Ke2 Bxe1 22. Kxe1 Bxg4 23. hxg4 h3 24. Bf3 Qh4+ 25. Ke2 f5 26. Ne5 Kh7 27. Be3 fxg4 28. Be4+ 1-0

[Event "Bucharest Super Rapid op"]
[Site "Bucharest"]
[Date "2022.05.01"]
[Round "7"]
[White "Miroiu, George Catalin"]
[Black "Tudor, Henry Edward"]
[Result "1-0"]
[WhiteElo "2341"]
[BlackElo "1918"]
[PlyCount "75"]
[EventDate "2022.04.30"]
[EventType "swiss (rapid)"]
[EventRounds "10"]
[EventCountry "ROU"]
[SourceTitle "CBM 208 Extra"]
[Source "ChessBase"]
[SourceDate "2022.07.31"]
[SourceVersion "1"]
[SourceVersionDate "2022.07.31"]
[SourceQuality "1"]

1. Nf3 c5 2. c4 Nc6 3. d4 cxd4 4. Nxd4 a6 5. Nc3 e5 6. Nc2 Nf6 7. Bg5 Bc5 8. e3 h6 9. Bxf6 Qxf6 10. Nd5 Qd8 11. b4 Ba7 12. Be2 0-0 13. 0-0 d6 14. Rb1 Ne7 15. Bf3 Be6 16. Qd3 f5 17. Nxe7+ Qxe7 18. Bd5 Rac8 19. Rfd1 Rfd8 20. Qxf5 Bxd5 21. cxd5 Rf8 22. Qe4 b5 23. Ne1 Rc4 24. Qd3 Qg5 25. Qe2 Qh4 26. Nf3 Qg4 27. a3 Rf6 28. h3 Qf5 29. Rbc1 Re4 30. Rc7 Bb8 31. Rc6 Rg6 32. Kf1 Rc4 33. Rxc4 bxc4 34. Nh4 Qe4 35. Nxg6 c3 36. Ne7+ Kf7 37. Nc6 Bc7 38. Qf3+ 1-0

[Event "ROM-chT"]
[Site "Mamaia"]
[Date "2021.10.08"]
[Round "9.2"]
[White "Banzea, Alexandru Bogdan"]
[Black "Miroiu, George Catalin"]
[Result "1/2-1/2"]
[WhiteElo "2382"]
[BlackElo "2309"]
[PlyCount "28"]
[EventDate "2021.10.02"]
[EventType "team-tourn"]
[EventRounds "11"]
[EventCountry "ROU"]
[SourceTitle "CBM 204 Extra"]
[Source "ChessBase"]
[SourceDate "2021.11.30"]
[SourceVersion "1"]
[SourceVersionDate "2021.11.30"]
[SourceQuality "1"]
[WhiteTeam "Galati Smart"]
[BlackTeam "Targoviste"]
[WhiteTeamCountry "ROU"]
[BlackTeamCountry "ROU"]

1. d4 d5 2. Nf3 Nf6 3. Bf4 c6 4. e3 Bf5 5. c4 e6 6. Qb3 Qb6 7. c5 Qxb3 8. axb3 Bxb1 9. Rxb1 Nbd7 10. b4 a6 11. Nd2 Nh5 12. Bg5 Be7 13. Bxe7 Kxe7 14. f4 f5 1/2-1/2

[Event "ROM-chT"]
[Site "Mamaia"]
[Date "2021.10.04"]
[Round "3.5"]
[White "Jianu, Vlad Cristian"]
[Black "Miroiu, George Catalin"]
[Result "1/2-1/2"]
[WhiteElo "2537"]
[BlackElo "2309"]
[PlyCount "105"]
[EventDate "2021.10.02"]
[EventType "team-tourn"]
[EventRounds "11"]
[EventCountry "ROU"]
[SourceTitle "CBM 204 Extra"]
[Source "ChessBase"]
[SourceDate "2021.11.30"]
[SourceVersion "1"]
[SourceVersionDate "2021.11.30"]
[SourceQuality "1"]
[WhiteTeam "Iasi Politehnica"]
[BlackTeam "Targoviste"]
[WhiteTeamCountry "ROU"]
[BlackTeamCountry "ROU"]

1. d4 d5 2. Nf3 Nf6 3. g3 c6 4. Bg2 Bf5 5. c4 e6 6. Nc3 Nbd7 7. Qb3 Qb6 8. c5 Qxb3 9. axb3 a6 10. b4 Rc8 11. h3 Be7 12. g4 Bg6 13. Nh4 0-0 14. Bf4 Rfe8 15. 0-0 Bf8 16. Rae1 Be4 17. Nf3 Bxf3 18. exf3 h6 19. Bg3 g6 20. Re2 Nh7 21. f4 Bg7 22. Rd1 Nhf8 23. f3 f5 24. Bf2 Kf7 25. h4 Nf6 26. Bh3 Rc7 27. Na2 h5 28. g5 N6d7 29. Ra1 Ra8 30. Nc1 Rcc8 31. Bf1 Rab8 32. Nb3 Rc7 33. Be1 Rcc8 34. Bc3 Nh7 35. Ree1 Bf8 36. Ra4 Be7 37. Na5 Rc7 38. Kf2 Re8 39. Rea1 Nb8 40. Nb3 Nf8 41. Bd3 Nfd7 42. Bc2 Nf8 43. Nc1 Nfd7 44. Nd3 Bf8 45. Bb3 Bg7 46. Re1 Rcc8 47. Raa1 Red8 48. Kg3 Nf8 49. Re2 Rd7 50. Ree1 Rdd8 51. Re2 Rd7 52. Ree1 Rdd8 53. Re2 1/2-1/2

[Event "ROM-chT"]
[Site "Mamaia"]
[Date "2021.10.02"]
[Round "1.5"]
[White "Miroiu, George Catalin"]
[Black "Istratescu, Andrei"]
[Result "1/2-1/2"]
[WhiteElo "2309"]
[BlackElo "2478"]
[PlyCount "28"]
[EventDate "2021.10.02"]
[EventType "team-tourn"]
[EventRounds "11"]
[EventCountry "ROU"]
[SourceTitle "CBM 204 Extra"]
[Source "ChessBase"]
[SourceDate "2021.11.30"]
[SourceVersion "1"]
[SourceVersionDate "2021.11.30"]
[SourceQuality "1"]
[WhiteTeam "Targoviste"]
[BlackTeam "Timisoara Medicina"]
[WhiteTeamCountry "ROU"]
[BlackTeamCountry "ROU"]

1. d4 Nf6 2. Nf3 d5 3. c4 e6 4. Nc3 dxc4 5. e3 a6 6. Bxc4 b5 7. Bd3 Bb7 8. 0-0 Nbd7 9. Qe2 c5 10. Rd1 Qb8 11. Bc2 Be7 12. dxc5 Bxc5 13. a3 0-0 14. h3 Ne5 1/2-1/2

[Event "ROM-chT div-A"]
[Site "Mamaia"]
[Date "2019.09.27"]
[Round "7.1"]
[White "Dumitru, Victor Iulian"]
[Black "Miroiu, George Catalin"]
[Result "1-0"]
[WhiteElo "2088"]
[BlackElo "2354"]
[PlyCount "77"]
[EventDate "2019.09.21"]
[EventType "team-tourn"]
[EventRounds "9"]
[EventCountry "ROU"]
[SourceTitle "EXT 2020"]
[Source "ChessBase"]
[SourceDate "2019.10.17"]
[SourceVersion "1"]
[SourceVersionDate "2019.10.17"]
[SourceQuality "1"]
[WhiteTeam "Ineu"]
[BlackTeam "Targoviste University"]
[WhiteTeamCountry "ROU"]
[BlackTeamCountry "ROU"]

1. e4 c5 2. Nf3 d6 3. d4 cxd4 4. Nxd4 Nf6 5. Nc3 a6 6. Bg5 e6 7. f4 Be7 8. Qf3 Qc7 9. 0-0-0 Nbd7 10. g4 b5 11. Bxf6 Nxf6 12. g5 Nd7 13. f5 Ne5 14. Qg3 Nc6 15. g6 Nxd4 16. gxf7+ Kxf7 17. Rxd4 Bf6 18. Rxd6 Rd8 19. fxe6+ Ke8 20. Rxd8+ Bxd8 21. Qxc7 Bxc7 22. Nd5 Be5 23. Bh3 Bb7 24. Rf1 Bxh2 25. Rf7 Bxd5 26. exd5 Be5 27. Bf5 Rd8 28. Be4 Bf6 29. c3 Be5 30. Kc2 b4 31. c4 Rc8 32. Kd3 Rc7 33. Rxc7 Bxc7 34. c5 Ke7 35. d6+ Bxd6 36. cxd6+ Kxe6 37. Bxh7 Kxd6 38. Kc4 Ke5 39. Bg6 1-0

[Event "ROM-chT div-A"]
[Site "Mamaia"]
[Date "2019.09.24"]
[Round "4.1"]
[White "Miroiu, George Catalin"]
[Black "Sanduleac, Vasile"]
[Result "1/2-1/2"]
[WhiteElo "2354"]
[BlackElo "2426"]
[PlyCount "117"]
[EventDate "2019.09.21"]
[EventType "team-tourn"]
[EventRounds "9"]
[EventCountry "ROU"]
[SourceTitle "EXT 2020"]
[Source "ChessBase"]
[SourceDate "2019.10.17"]
[SourceVersion "1"]
[SourceVersionDate "2019.10.17"]
[SourceQuality "1"]
[WhiteTeam "Targoviste University"]
[BlackTeam "Urziceni Viitorul"]
[WhiteTeamCountry "ROU"]
[BlackTeamCountry "ROU"]

1. d4 d6 2. Nf3 Bg4 3. e4 c6 4. h3 Bh5 5. c4 Bxf3 6. Qxf3 e5 7. d5 Nf6 8. Nc3 Be7 9. g3 0-0 10. h4 a6 11. Bd3 b5 12. cxb5 cxb5 13. 0-0 Nbd7 14. Bd2 Nc5 15. Bc2 b4 16. Nd1 a5 17. Ne3 g6 18. Kg2 h5 19. b3 Ne8 20. a3 bxa3 21. Rxa3 Qb8 22. Nc4 Nc7 23. Rxa5 Nb5 24. Rfa1 Rxa5 25. Nxa5 Nd4 26. Qd1 Rc8 27. b4 Nb7 28. Bd3 Nxa5 29. bxa5 Qa7 30. Rb1 Bd8 31. Qa4 Kg7 32. Qb4 Qd7 33. f3 Nxf3 34. Kxf3 Bxh4 35. Rg1 Bg5 36. Kf2 Qa7+ 37. Kg2 Rh8 38. Qc3 Bxd2 39. Qxd2 Qd4 40. Rd1 Ra8 41. Bc2 Qc5 42. Rc1 Rxa5 43. Qf2 Qc7 44. Rd1 Qd8 45. Rd2 Qg5 46. Re2 Ra3 47. Kh2 Rc3 48. Bd1 Rd3 49. Ba4 h4 50. gxh4 Qg4 51. Re3 Rxe3 52. Qxe3 Qxh4+ 53. Kg1 f5 54. Bd1 Kf6 55. Bc2 Qg4+ 56. Kf2 Qh5 57. Qf3 Qh4+ 58. Qg3 Qh8 59. Ke2 1/2-1/2

[Event "Cap Aurora op 22nd"]
[Site "Cap Aurora"]
[Date "2018.06.29"]
[Round "8"]
[White "Martinovici, Ilie"]
[Black "Miroiu, George Catalin"]
[Result "1/2-1/2"]
[WhiteElo "2360"]
[BlackElo "2373"]
[PlyCount "38"]
[EventDate "2018.06.23"]
[EventType "swiss"]
[EventRounds "9"]
[EventCountry "ROU"]
[SourceTitle "CBM 185 Extra"]
[Source "ChessBase"]
[SourceDate "2018.07.29"]
[SourceVersion "1"]
[SourceVersionDate "2018.07.29"]
[SourceQuality "1"]

1. d4 Nf6 2. c4 e6 3. Nc3 Bb4 4. f3 d5 5. a3 Bxc3+ 6. bxc3 c5 7. cxd5 exd5 8. e3 c4 9. Ne2 0-0 10. g4 Nc6 11. Bg2 b5 12. 0-0 a5 13. g5 Nh5 14. e4 f5 15. exd5 Ne7 16. Nf4 Nxf4 17. Bxf4 Nxd5 18. Qd2 Be6 19. Rfe1 Qd7 1/2-1/2

[Event "Cap Aurora op 22nd"]
[Site "Cap Aurora"]
[Date "2018.06.24"]
[Round "2"]
[White "Stefan, Mihai"]
[Black "Miroiu, George Catalin"]
[Result "1/2-1/2"]
[WhiteElo "1971"]
[BlackElo "2373"]
[PlyCount "145"]
[EventDate "2018.06.23"]
[EventType "swiss"]
[EventRounds "9"]
[EventCountry "ROU"]
[SourceTitle "CBM 185 Extra"]
[Source "ChessBase"]
[SourceDate "2018.07.29"]
[SourceVersion "1"]
[SourceVersionDate "2018.07.29"]
[SourceQuality "1"]

1. Nf3 d5 2. c4 e6 3. g3 Nf6 4. Bg2 Be7 5. d4 0-0 6. 0-0 b6 7. Qc2 Bb7 8. Nbd2 Nbd7 9. b3 Rc8 10. Bb2 c5 11. Rac1 dxc4 12. bxc4 cxd4 13. Nxd4 Bxg2 14. Kxg2 Qc7 15. Rfd1 a6 16. Kg1 Rfd8 17. N4b3 Qb7 18. Qb1 Rc7 19. a4 Rdc8 20. Qd3 h6 21. Bc3 Qc6 22. a5 bxa5 23. Nxa5 Qc5 24. Rb1 Qh5 25. Nf3 Nc5 26. Qc2 Nce4 27. Bxf6 Nxf6 28. Qc3 Rc5 29. Ra1 Ne4 30. Qe1 Rf5 31. Nb3 Rxc4 32. Rxa6 Kh7 33. Ra5 Bb4 34. Rxf5 Qxf5 35. Qf1 Nc3 36. Rd4 Rxd4 37. Nfxd4 Qd5 38. Qg2 Nxe2+ 39. Nxe2 Qd1+ 40. Qf1 Qxb3 41. Nf4 g6 42. Qd3 Qb2 43. h4 Bc5 44. Qe2 Qf6 45. h5 e5 46. hxg6+ fxg6 47. Nd3 Bd4 48. Qe4 h5 49. Kg2 Kh6 50. f4 exf4 51. Qxf4+ Qxf4 52. Nxf4 g5 53. Ne6 Be5 54. Nc5 g4 55. Nd3 Bd6 56. Nf2 Kg6 57. Ne4 Bc7 58. Nc5 Kf5 59. Nd3 Bb6 60. Nc1 Ke4 61. Ne2 Bd4 62. Nc1 Bc3 63. Nb3 Bb4 64. Kf2 Kd3 65. Nc1+ Kd2 66. Nb3+ Kc3 67. Nc1 Bc5+ 68. Kg2 Be3 69. Ne2+ Kd2 70. Nf4 h4 71. Nh3 gxh3+ 72. Kxh3 hxg3 73. Kxg3 1/2-1/2

[Event "Cap Aurora op 22nd"]
[Site "Cap Aurora"]
[Date "2018.06.23"]
[Round "1"]
[White "Miroiu, George Catalin"]
[Black "Radulescu, Andrei"]
[Result "1-0"]
[WhiteElo "2373"]
[BlackElo "1705"]
[PlyCount "51"]
[EventDate "2018.06.23"]
[EventType "swiss"]
[EventRounds "9"]
[EventCountry "ROU"]
[SourceTitle "CBM 185 Extra"]
[Source "ChessBase"]
[SourceDate "2018.07.29"]
[SourceVersion "1"]
[SourceVersionDate "2018.07.29"]
[SourceQuality "1"]

1. d4 Nf6 2. c4 e6 3. Nf3 Bb4+ 4. Bd2 Be7 5. Nc3 d5 6. cxd5 exd5 7. Qc2 0-0 8. Bg5 Be6 9. e3 Nbd7 10. Bd3 h6 11. Bh4 c5 12. dxc5 Nxc5 13. 0-0 Rc8 14. Rfd1 Qb6 15. Na4 Qb4 16. Nxc5 Rxc5 17. Qb3 Qxb3 18. axb3 a5 19. Nd4 Rfc8 20. Nf5 Bxf5 21. Bxf5 R8c6 22. Bd3 g5 23. Bg3 Ne4 24. Be5 Bf6 25. Bd4 b6 26. f3 1-0

[Event "ROM-chT"]
[Site "Baile Govora"]
[Date "2017.11.19"]
[Round "9.1"]
[White "Vedmediuc, Serghei"]
[Black "Miroiu, George Catalin"]
[Result "1/2-1/2"]
[WhiteElo "2460"]
[BlackElo "2352"]
[PlyCount "20"]
[EventDate "2017.11.11"]
[EventType "team-tourn"]
[EventRounds "9"]
[EventCountry "ROU"]
[SourceTitle "EXT 2019"]
[Source "ChessBase"]
[SourceDate "2018.10.10"]
[SourceVersion "1"]
[SourceVersionDate "2018.10.10"]
[SourceQuality "1"]
[WhiteTeam "Galati"]
[BlackTeam "Targoviste"]
[WhiteTeamCountry "ROU"]
[BlackTeamCountry "ROU"]

1. c4 c6 2. d4 d5 3. Nf3 Nf6 4. cxd5 cxd5 5. Bf4 Nc6 6. Nc3 e6 7. e3 Bd6 8. Bxd6 Qxd6 9. Bd3 0-0 10. 0-0 Nd7 1/2-1/2

[Event "ROM-chT"]
[Site "Baile Govora"]
[Date "2017.11.18"]
[Round "8.1"]
[White "Miroiu, George Catalin"]
[Black "Deac, Bogdan Daniel"]
[Result "0-1"]
[WhiteElo "2352"]
[BlackElo "2566"]
[PlyCount "104"]
[EventDate "2017.11.11"]
[EventType "team-tourn"]
[EventRounds "9"]
[EventCountry "ROU"]
[SourceTitle "CBM 181 Extra"]
[Source "ChessBase"]
[SourceDate "2017.12.12"]
[SourceVersion "1"]
[SourceVersionDate "2017.12.12"]
[SourceQuality "1"]
[WhiteTeam "Targoviste"]
[BlackTeam "Ploiesti Universitar"]
[WhiteTeamCountry "ROU"]
[BlackTeamCountry "ROU"]

1. Nf3 d5 2. d4 Nf6 3. g3 c5 4. c4 dxc4 5. Qa4+ Bd7 6. Qxc4 cxd4 7. Bg2 Nc6 8. Nxd4 Rc8 9. 0-0 e6 10. Nc3 a6 11. Rd1 Qb6 12. Nb3 Na5 13. Qd4 Qxd4 14. Rxd4 Nxb3 15. axb3 Bc5 16. Rd3 Bc6 17. Bg5 Be7 18. Rad1 h6 19. Bf4 b5 20. Bd6 Bxg2 21. Kxg2 b4 22. Na4 Rc2 23. Kf3 a5 24. R1d2 Rc6 25. e4 Rg8 26. h3 h5 27. Be5 g5 28. Bxf6 Bxf6 29. e5 g4+ 30. hxg4 hxg4+ 31. Kg2 Bg5 32. Re2 Bd8 33. Rd4 Bc7 34. Ree4 Ke7 35. Rxg4 Bxe5 36. Rc4 Rxg4 37. Rxc6 Rd4 38. Nb6 Rd3 39. Nc4 Bd4 40. Kf1 Rf3 41. Ke2 Rxf2+ 42. Kd3 Bxb2 43. Rc7+ Kf8 44. g4 Kg7 45. Nxa5 Bc3 46. Rc4 Rh2 47. Rf4 Kg6 48. Rc4 Kg5 49. Nc6 Rh1 50. Kc2 Rf1 51. Nd8 Rf2+ 52. Kd1 Rd2+ 0-1

[Event "ROM-chT"]
[Site "Baile Govora"]
[Date "2017.11.12"]
[Round "2.1"]
[White "Miroiu, George Catalin"]
[Black "Ivanisevic, Ivan"]
[Result "1-0"]
[WhiteElo "2352"]
[BlackElo "2582"]
[PlyCount "103"]
[EventDate "2017.11.11"]
[EventType "team-tourn"]
[EventRounds "9"]
[EventCountry "ROU"]
[SourceTitle "CBM 181 Extra"]
[Source "ChessBase"]
[SourceDate "2017.12.12"]
[SourceVersion "1"]
[SourceVersionDate "2017.12.12"]
[SourceQuality "1"]
[WhiteTeam "Targoviste"]
[BlackTeam "Timisoara Vest Univ"]
[WhiteTeamCountry "ROU"]
[BlackTeamCountry "ROU"]

1. Nf3 g6 2. c4 Bg7 3. Nc3 c5 4. d4 cxd4 5. Nxd4 Nc6 6. Nc2 b6 7. Qd2 Bb7 8. e4 Nf6 9. Be2 0-0 10. 0-0 Rc8 11. f3 e6 12. Rd1 a6 13. Qd6 Na5 14. Na3 Rc6 15. Qb4 Nh5 16. Be3 Qc7 17. Na4 Be5 18. Nxb6 Bxh2+ 19. Kf1 Ng3+ 20. Ke1 Nxe2 21. Kxe2 Nxc4 22. Naxc4 a5 23. Qb5 d6 24. Nxa5 Bf4 25. Bg1 Rc2+ 26. Kf1 f5 27. Nxb7 Qxb7 28. exf5 Rxf5 29. Qb3 Qa6+ 30. Qd3 Qxd3+ 31. Rxd3 Rb5 32. b3 Rh5 33. Nc4 Rh1 34. Ne3 Rb2 35. Ng4 Bg3 36. f4 Bxf4 37. Nf2 Rh5 38. Rf3 Bh6 39. Ng4 Bg7 40. Nf6+ Bxf6 41. Rxf6 Ra5 42. Bd4 Rc2 43. Rxe6 Rf5+ 44. Kg1 Rg5 45. Rae1 Rgxg2+ 46. Kf1 g5 47. R1e2 Rgxe2 48. Rxe2 Rc1+ 49. Kf2 Rd1 50. Be3 g4 51. Rd2 Ra1 52. Rb2 1-0

[Event "Cap Aurora op 20th"]
[Site "Cap Aurora"]
[Date "2016.06.27"]
[Round "4"]
[White "Georgescu, Tiberiu Marian"]
[Black "Miroiu, George Catalin"]
[Result "1-0"]
[WhiteElo "2460"]
[BlackElo "2314"]
[PlyCount "33"]
[EventDate "2016.06.25"]
[EventType "swiss"]
[EventRounds "9"]
[EventCountry "ROU"]
[SourceTitle "CBM 173 Extra"]
[Source "ChessBase"]
[SourceDate "2016.08.29"]
[SourceVersion "1"]
[SourceVersionDate "2016.08.29"]
[SourceQuality "1"]

1. d4 d5 2. c4 c6 3. Nf3 Nf6 4. e3 a6 5. Nbd2 Bg4 6. h3 Bh5 7. g4 Bg6 8. Nh4 e6 9. Nxg6 hxg6 10. Bg2 Nbd7 11. b3 Bd6 12. Bb2 Rc8 13. Qe2 Qe7 14. c5 Bc7 15. f4 Nh7 16. 0-0-0 a5 17. h4 1-0

[Event "ROM-chT2"]
[Site "Calimanesti"]
[Date "2014.11.16"]
[Round "9.3"]
[White "Miroiu, George Catalin"]
[Black "Deaconu, Mihai Ionut"]
[Result "1-0"]
[WhiteElo "2308"]
[BlackElo "1939"]
[PlyCount "119"]
[EventDate "2014.11.08"]
[EventType "team-tourn"]
[EventRounds "9"]
[EventCountry "ROU"]
[SourceTitle "CBM 163 Extra"]
[Source "ChessBase"]
[SourceDate "2014.12.23"]
[SourceVersion "1"]
[SourceVersionDate "2014.12.23"]
[SourceQuality "1"]
[WhiteTeam "Moreni Petrom"]
[BlackTeam "Galati Diana"]
[WhiteTeamCountry "ROU"]
[BlackTeamCountry "ROU"]

1. d4 Nf6 2. c4 g6 3. Nc3 Bg7 4. e4 d6 5. f3 0-0 6. Be3 Nc6 7. Nge2 e5 8. d5 Ne7 9. Qd2 Nd7 10. g4 a5 11. 0-0-0 Nc5 12. Kb1 f5 13. h3 f4 14. Bf2 b6 15. Nb5 Ba6 16. Nec3 Nc8 17. b3 Rf7 18. Kb2 Bf8 19. a3 Bxb5 20. cxb5 Be7 21. h4 g5 22. hxg5 Bxg5 23. Bc4 Rg7 24. Ra1 Nb7 25. Qe2 Qf6 26. Nb1 Kh8 27. Nd2 Ne7 28. Rh3 Nc5 29. Rah1 Ng6 30. Be1 Nd7 31. Bd3 Rf8 32. Nb1 Nc5 33. Bc4 Qd8 34. Nc3 Qe7 35. Qh2 Rfg8 36. Ne2 Nf8 37. Ng1 Nb7 38. Rh5 Nd8 39. Nh3 Nf7 40. Nxg5 Nxg5 41. Bh4 Qf7 42. Be2 Rg6 43. b4 axb4 44. axb4 Qd7 45. Ra1 R8g7 46. Ra8 Kg8 47. Qh1 Qf7 48. Qc1 Qd7 49. Qc6 Qxc6 50. bxc6 h6 51. Kb3 Rf7 52. Kc4 Kg7 53. Bxg5 hxg5 54. Kb5 Nh7 55. Ka6 Re7 56. Kb7 Rf6 57. Bb5 Rff7 58. Rd8 Kg6 59. Rxh7 Rxh7 60. Rd7 1-0

[Event "ROM-chT2"]
[Site "Calimanesti"]
[Date "2014.11.08"]
[Round "1.3"]
[White "Miroiu, George Catalin"]
[Black "Nita, Lucian"]
[Result "1-0"]
[WhiteElo "2308"]
[BlackElo "2171"]
[PlyCount "127"]
[EventDate "2014.11.08"]
[EventType "team-tourn"]
[EventRounds "9"]
[EventCountry "ROU"]
[SourceTitle "CBM 163 Extra"]
[Source "ChessBase"]
[SourceDate "2014.12.23"]
[SourceVersion "1"]
[SourceVersionDate "2014.12.23"]
[SourceQuality "1"]
[WhiteTeam "Moreni Petrom"]
[BlackTeam "Targoviste University"]
[WhiteTeamCountry "ROU"]
[BlackTeamCountry "ROU"]

1. d4 Nf6 2. c4 d6 3. Nf3 Nbd7 4. Nc3 e5 5. e4 Be7 6. Be2 0-0 7. 0-0 h6 8. Re1 c6 9. Bf1 Nh7 10. Be3 Ng5 11. Nd2 Ne6 12. d5 Nd4 13. dxc6 bxc6 14. b4 a5 15. b5 c5 16. Nd5 Nb6 17. Nxe7+ Qxe7 18. f4 Bb7 19. f5 Kh7 20. Bd3 g5 21. Qh5 Rg8 22. h4 f6 23. hxg5 fxg5 24. Kf2 Qf6 25. Rh1 Kg7 26. Nf3 Nxf3 27. gxf3 Rh8 28. Rag1 Rag8 29. Bd2 a4 30. Rg3 Kf8 31. Rgh3 Ke7 32. Qg4 Rg7 33. Rh5 Rgg8 34. Ba5 Nd7 35. Qh3 Qf7 36. Rxh6 Rxh6 37. Qxh6 Nf6 38. Bd2 Qg7 39. Qxg7+ Rxg7 40. Rh8 Ng8 41. Kg3 Kd7 42. a3 g4 43. fxg4 Nf6 44. g5 Nxe4+ 45. Bxe4 Bxe4 46. Kg4 Rf7 47. g6 Bxf5+ 48. Kg5 Bxg6 49. Kxg6 Rf3 50. Rh7+ Ke6 51. Ra7 e4 52. b6 Rxa3 53. Bg5 Ke5 54. Bf6+ Kf4 55. Ra5 Rg3+ 56. Kf7 e3 57. b7 e2 58. b8Q e1Q 59. Qxd6+ Kf3 60. Rxa4 Qe3 61. Qd5+ Kf4 62. Ra1 Rf3 63. Qg5+ Ke4 64. Qe5+ 1-0